Veľká opera - veľké hlasy

Bibliographic Details
Main Author: Ursínyová, Terézia, 1942- (Author)
Format: Article
Language:Slovak
Subjects:

MARC

LEADER 00000nab a2200000 a 4500
001 vtls000196870
003 SK-MaSNL
005 20260426063311.0
008 111106c1984 xo 0 slo
015 |a SNBRB19rr/mm-uuuuu 
035 |a CL0206983 
040 |a SNKBUCL  |b slo  |c SNKBUCL  |e AACR2 
041 0 |a slo 
044 |a xo  |c SK 
080 |a 78.091.4:782/785  |2 1981 
080 |a 782/785  |2 1981 
100 1 |a Ursínyová, Terézia,  |d 1942-  |4 aut  |9 103725 
245 1 0 |a Veľká opera - veľké hlasy  |c T. Ursínyová 
611 2 7 |a Bratislavské hudobné slávnosti  |n (20. :  |d 1984 :  |c Bratislava, Slovensko)  |2 snkbucl  |9 36197 
650 0 7 |a opera  |2 snkbucl  |9 3212 
651 7 |a Bratislava (Slovensko)  |2 snkbucl  |9 14568 
655 7 |a články z novín a časopisov  |2 snkbucl  |9 267496 
773 0 |t Večerník  |g Roč. 29, č. 195 (1984), s. 5 
850 |a Slovenská národná knižnica v Martine  |a MTA001 
852 |a SNK  |b KIS3GCP 
992 |a RBX 
999 |c 2554604  |d 2556534